| 000 | 004360000a22001810004500 | ||
|---|---|---|---|
| 003 | MACL | ||
| 005 | 20160124130137.0 | ||
| 008 | 160124b xxu||||| |||| 00| 0 eng d | ||
| 040 |
_aMACL _cMACL |
||
| 041 | _aEnglish | ||
| 082 | _a580/SHA | ||
| 100 |
_aSharma, Dr A K _934478 |
||
| 245 | _aObjective Botany | ||
| 260 |
_bJai Prakash Nath Publication _aMeerut |
||
| 350 | _a220 | ||
| 650 |
_aPlants _934479 |
||
| 942 |
_cBK _k580/SHA _2ddc |
||
| 999 |
_c33219 _d33219 |
||